000 02503nam a22005177a 4500
001 BRCA_9211
003 FranzMayer
005 20220809135348.0
008 220721b |||||||| |||| 00| 0 eng d
020 _a9786077714583
040 _bspa
_cMFM
041 _aspa
_aeng
050 _aNX701
_bL37 2021
100 1 _aLara Elizondo, Lupina
_eautor.
_93610
245 1 0 _aMecenas :
_bel arte de apoyar el arte /
_cLupina Lara Elizondo ; trad.: Trena Brown
264 1 _aCiudad de Mexico :
_bPromoción de Arte Mexicano,
_c2021
264 1 _aCiudad de México :
_bQuálitas Compañía de Seguros,
_c2021
300 _a263 p. :
_bil., fot. col. ;
_c27 x 31 cm.
500 _aUbicación: L59-N5
500 _aIncluye imágenes de la Colección y Exposición permanente Museo Franz Mayer (pp. 109-125)
500 _aEjemplar en caja
504 _aBibliografía: pp. 260-261
505 2 _tPresentación /
_rJosé Antonio Correa Etchegaray
505 2 _tPrólogo /
_rLupina Lara Elizondo
505 2 _tIntroducción. Memoria del mecenazgo /
_rLupina Lara Elizondo
505 2 _tEl conocimiento, resguardo y progreso /
_rLupina Lara Elizondo
505 2 _tMecenas del siglo XX
505 2 _tAndrew Carnegie, 1835-1919
505 2 _tLuis Comfort Tiffany, 1848-1933
505 2 _tFranz Mayer, 1882-1975
505 2 _tJosé Vasconcelos, 1882-1959
505 2 _tJean Paul Getty, 1892-1976
505 2 _tAntonieta Rivas Mercado, 1900-1931
505 2 _tJohn y Dominique de Menil, 1904-1973 / 1908-1997
505 2 _tNorton Simon, 1907-1993
505 2 _tManuel Espinosa Yglesias, 1909-2000 y Amparo Espinosa Yglesias Rugarcía, 1942-2007
505 2 _tFrancisco Toledo, 1940-2019
505 2 _tRafael Tovar y de Teresa, 1954-2016.
520 8 _aLa visión del mecenas que Lupina Lara nos plantea en este libro comprende no únicamente al personaje que aporta recursos, sino al benefactor, al promotor, pero también a quien trabaja y abre camino de manera directa favoreciendo esta causa. Además de ello, comparte un concepto relativamente nuevo: la visión del mecenazgo estatal, que es el camino que ha adoptado México a partir del siglo XVIII para favorecer el arte y la cultura en el país. - José Antonio Correa Etchegaray
650 0 _aMecenazgo
_zEstados Unidos
_ySiglo XX
_928475
650 0 _aMecenazgo
_zMéxico
_ySiglo XX
_928476
650 0 _aArte
_xHistoria
650 0 _aArte y sociedad
_zMéxico
_ySiglo XX
_928477
942 _2lcc
_cB
999 _c10830
_d10830